000 00697nam a2200229Ia 4500
999 _c37724
_d37724
001 3699
003 GE_BSU
005 20190805153504.0
008 181216s2008||||gb |||||||||||||| ||ger||
020 _a9783851324952
040 _cGE_BSU
041 _ager
080 _a32(430) C-80
100 _aComte, Auguste
_93109
245 _aSystem der positiven Politik :
_bII. Zweiter Band von vier Bänden /
_cAus dem Französischen übersetzt von Jürgen Brankel.
260 _bVerlag Turia + Kant
264 _aVerlag Turia,
_c2008
300 _a414 с.;
_b24 см.
653 _aპოლიტიკა
700 _aBrankel, Jürgen
_92400
_eმთარგმნელი
942 _cBK
_2udc